| 000 | 00971nam a22002417a 4500 | ||
|---|---|---|---|
| 008 | 081126t xxu||||| |||| 00| 0 eng d | ||
| 010 | _aENG-91839 | ||
| 020 |
_a9788190647700 _c450.00 |
||
| 035 | _aEN-75372 | ||
| 037 | _bDBAD / PUB | ||
| 040 |
_adpl _bEnglish |
||
| 082 | _a307.1412 | ||
| 100 | _aChoudhary, A.N. | ||
| 245 |
_aGlobalisation and Gandhian: _cby A.N. Choudhary _bapproach to rural development / |
||
| 260 |
_aNew Delhi _bSatyam Publishing House _c2008 |
||
| 270 |
_aN-3/25 Mohan Garden, Uttam Nagar, _bNew Delhi _e110059 |
||
| 300 |
_a160p. _c23cm (Hb) |
||
| 500 | _aIncludes bibliographical references | ||
| 650 |
_aRural development _xCross- cultural studies |
||
| 650 |
_aGlobalization _xEconomic aspects |
||
| 942 |
_2ddc _cEN _mCHO _h307.1412 |
||
| 999 |
_c19140 _d19140 |
||